Guess the Lyrics #58 - Statistics

General Stats
  • This quiz has been taken 1,148 times
    748 since last reset
  • The average score is 124 of 309
Answer Stats
Lyrics % Correct
I
99%
a
96%
the
92%
you
91%
You
91%
and
79%
And
79%
we
79%
be
75%
do
75%
who
75%
to
74%
is
73%
it
73%
in
72%
your
72%
on
71%
no
69%
so
64%
can
63%
they
63%
They
63%
If
58%
if
58%
of
58%
for
57%
know
57%
like
55%
All
52%
don't
52%
see
51%
how
49%
were
48%
could
46%
want
46%
as
43%
As
43%
them
42%
them,
42%
would
42%
day
38%
just
38%
Or
38%
or
38%
think
38%
life
37%
got
35%
out
34%
should
34%
take
33%
They're
33%
did
30%
I'd
30%
thing
27%
Always
25%
always
25%
two
25%
Well,
25%
we'll
25%
you've
25%
shoes
22%
about
19%
wouldn't
19%
there's
18%
back
17%
someone
17%
T.V.
17%
even
16%
run
16%
hard
14%
read
13%
Kill
12%
long
12%
many
12%
spend
12%
stop
12%
street
12%
they'd
12%
walking
12%
else's
11%
living
11%
money
11%
such
11%
fall,
10%
fall
10%
week
10%
Inside
9%
rich
9%
Talking
8%
famous
7%
famous,
7%
magazines
7%
survive
7%
Lifestyles
6%
moan
5%
problem
5%
cash
4%
cash,
4%
complaining,
4%
complaining
4%
pay
4%
rob
4%
Rob
4%
Rolling
4%
Stone
4%
stumble
4%
cars,
3%
Celebrities
3%
Lifestyles of the Rich & Famous - Good Charlotte
3%
mansions,
3%
piss
3%
problems,
3%
sympathy
3%
wife?
3%
25
2%
caught
2%
Clothes,
2%
D.C.
2%
homes,
2%
mayor
2%
solve
2%
Cochran
1%
crack,
1%
McDonald's
1%
Smoking
1%
No matching quizzes found
Score Distribution
Percent of People with Each Score
Percentile by Number Answered
Your Score History
You have not taken this quiz since the last reset